UM Logo

Effectuation, causation, and bricolage: (Record no. 15832)

MARC details
000 -LEADER
fixed length control field 00568nam a2200145 4500
008 - FIXED-LENGTH DATA ELEMENTS--GENERAL INFORMATION
fixed length control field 201215b ||||| |||| 00| 0 eng d
022 ## - INTERNATIONAL STANDARD SERIAL NUMBER
International Standard Serial Number 10422587
082 ## - DEWEY DECIMAL CLASSIFICATION NUMBER
Classification number DPer 658.405 En86 2012 v.36 n.5
100 ## - MAIN ENTRY--PERSONAL NAME
Personal name Fisher, Greg
9 (RLIN) 42666
245 ## - TITLE STATEMENT
Title Effectuation, causation, and bricolage:
Remainder of title a behavioral comparison of emerging theories in entrepreneurship research/
Statement of responsibility, etc. Greg Fisher.
260 ## - PUBLICATION, DISTRIBUTION, ETC. (IMPRINT)
Place of publication, distribution, etc. Hoboken, NJ:
Name of publisher, distributor, etc. Wiley Subscription Services, Inc.,
Date of publication, distribution, etc. ©2012.
300 ## - PHYSICAL DESCRIPTION
Extent V36 n5, 1019-1052 pages:
Other physical details illustrations;
Dimensions 25 cm.
650 ## - SUBJECT ADDED ENTRY--TOPICAL TERM
Topical term or geographic name as entry element Entrepreneurship.
9 (RLIN) 42667
942 ## - ADDED ENTRY ELEMENTS (KOHA)
Source of classification or shelving scheme Dewey Decimal Classification
Koha item type Periodicals
Holdings
Withdrawn status Lost status Source of classification or shelving scheme Damaged status Not for loan Collection code Home library Current library Date acquired Total Checkouts Full call number Date last seen Price effective from Koha item type Public note
    Dewey Decimal Classification     Periodicals UM Digos College - LIC UM Digos College - LIC 12/15/2020   DPer 658.405 En86 2012 v.36 n.5 12/15/2020 12/15/2020 Periodicals Periodical article